|
|
|
|
| LEADER |
01132nam a2200361 4500 |
| 001 |
DLU090094968 |
| 005 |
##20091201 |
| 040 |
# |
# |
|a DLU
|b eng
|
| 041 |
# |
# |
|a eng
|
| 044 |
# |
# |
|a us
|
| 245 |
# |
# |
|a Atmospheric mercury accumulation rates between 5900 and 800 calibrated years BP in the high arctic of Canada recorded by peat hummocks /
|c Nicolas Givelet ... [et al.].
|
| 653 |
# |
# |
|a Atmospheric fallout
|
| 653 |
# |
# |
|a Geochemistry
|
| 653 |
# |
# |
|a Heavy metal
|
| 653 |
# |
# |
|a Historical reconstruction
|
| 653 |
# |
# |
|a Mercury
|
| 653 |
# |
# |
|a Peat
|
| 653 |
# |
# |
|a Polar regions
|
| 700 |
# |
# |
|a Cheburkin, Andriy K.
|
| 700 |
# |
# |
|a Givelet, Nicolas.
|
| 700 |
# |
# |
|a Goodsite, Michael E.
|
| 700 |
# |
# |
|a Roos-Barraclough, Fiona.
|
| 700 |
# |
# |
|a Shotyk, William.
|
| 773 |
# |
# |
|t Environmental Science & Technology
|g Vol. 38, no. 19 (October 2004), p. 4964-4972
|
| 920 |
# |
# |
|a Phòng Tạp chí -- Trung tâm Thông tin - Thư viện Trường Đại học Đà Lạt
|
| 994 |
# |
# |
|a DLU
|
| 900 |
# |
# |
|a True
|
| 911 |
# |
# |
|a Trương Bảo Trâm Anh
|
| 925 |
# |
# |
|a G
|
| 926 |
# |
# |
|a A
|
| 927 |
# |
# |
|a BB
|
| 980 |
# |
# |
|a Thư viện Trường Đại học Đà Lạt
|